| 000 | 00697nam a2200217 a 4500 | ||
|---|---|---|---|
| 005 | 20250408063820.0 | ||
| 008 | 991125s1989 mx 000 0 spa u | ||
| 020 | _a9684198051 | ||
| 035 | _aUPN01000006136 | ||
| 049 | _aCG | ||
| 050 | 4 |
_aBD255 _bA3.28 |
|
| 100 | 1 |
_aAdler, Mortimer Jerome, _d1902-2001 _928668 |
|
| 245 | 1 | 3 |
_aLa búsqueda de la sabiduría : _buna guía para el aprendizaje / _c[Mortimer J. Adler] ; tr. José Pecino. |
| 260 |
_aMéxico : _bGrijalbo, _cc1989. |
||
| 300 | _a156 p. | ||
| 440 | 0 | _aAutoayuda y superación | |
| 650 | 7 |
_aSociología del conocimiento _2 _94897 |
|
| 650 | 7 |
_aClasificación bibliográfica _2 _910874 |
|
| 650 | 4 |
_aAutoeducación _92905 |
|
| 905 | _aLibro | ||
| 999 |
_c6136 _d6136 |
||